Prilagane principa na dvojstvenost pri izsledvane ustojčivostta na modela na Leontiev.

Skúmanie problému stability rovnováhy medzi výrobou a spotrebou v rámci n-sektorového komplexu, teoretickou schémou ktorej je bilančný model Leontiefa. Pri analýze sa používa princíp duality, v dôsledku čoho sa model Leontiefa transformuje na dva duálne spojené bilančné modely, ktoré zohľadňujú tri...

Descrizione completa

Salvato in:
Dettagli Bibliografici
Autore principale: Cvetanov, I.
Natura: Capitolo di libro
Lingua:bulgaro
Soggetti:
Tags: Aggiungi Tag
Nessun Tag, puoi essere il primo ad aggiungerne!!

MARC

LEADER 00000naa a2200000 4500
001 r008662
005 20221125115027.8
041 0 |a bul 
044 |a BG 
245 1 0 |a Prilagane principa na dvojstvenost pri izsledvane ustojčivostta na modela na Leontiev.  |c I. Cvetanov 
520 |a Skúmanie problému stability rovnováhy medzi výrobou a spotrebou v rámci n-sektorového komplexu, teoretickou schémou ktorej je bilančný model Leontiefa. Pri analýze sa používa princíp duality, v dôsledku čoho sa model Leontiefa transformuje na dva duálne spojené bilančné modely, ktoré zohľadňujú tri druhy chýb: informačné, kalkulačné a subjektívne. Niektoré dôležité závery pre medziodvetvové bilancie objemov hrubej odvetvovej výroby. 
610 2 0 |a modely ekonomicko-matematické 
610 2 0 |a výroba 
610 2 0 |a spotreba 
610 2 0 |a Leontief, W. 
610 2 0 |a bilancia medziodvetvová 
100 1 |a Cvetanov, I.